MARC

LEADER 00000nam0a2200000 4500
001 311864
005 20231102002428.0
035 |a (RuTPU)RU\TPU\book\337229 
090 |a 311864 
100 |a 20151214d1966 k y0rusy50 ca 
101 0 |a rus 
102 |a RU 
105 |a a z 001zy 
200 1 |a Синтез электронных RC-схем  |f О. Л. Бандман  |g Академия наук СССР (АН СССР), Сибирское отделение (СО), Институт математики 
210 |a Москва  |c Наука  |d 1966 
215 |a 248 с.  |c ил. 
320 |a Библиогр.: с. 244-245. 
606 1 |a Электронные схемы  |2 stltpush  |3 (RuTPU)RU\TPU\subj\72543  |9 86013 
606 1 |a Электрические цепи  |x Синтез  |2 stltpush  |3 (RuTPU)RU\TPU\subj\27744  |9 51446 
610 1 |a матрицы 
610 1 |a пассивные схемы 
610 1 |a функции 
610 1 |a реализация 
610 1 |a методы 
610 1 |a методы аппроксимации 
610 1 |a частотные характеристики 
610 1 |a переходные характеристики 
675 |a 621.38.061  |v 4 
675 |a 621.3.011.7  |v 4 
700 1 |a Бандман  |b О. Л. 
712 0 2 |a Академия наук СССР (АН СССР)  |b Сибирское отделение (СО)  |b Институт математики  |2 stltpush  |3 (RuTPU)RU\TPU\col\11754 
801 1 |a RU  |b 63413507  |c 20151214 
801 2 |a RU  |b 63413507  |c 20151216  |g RCR 
942 |c BK